000
00178 a2200097 4500
020
_a
9780545847285
041
_a
spa
100
_a
Scholastic
245
_a
La exursion
942
_c
K
999
_c
30220
_d
30218